Gestión del talento humano

Guardat en:
Dades bibliogràfiques
Autor principal: Chiavenato, Idalberto (autor)
Format: Llibre
Idioma:espanyol
Publicat: Cuernavaca McGraw-Hill 2009
Edició:3a. ed
Matèries:
Accés en línia:Disponible Online
Etiquetes: Afegir etiqueta
Sense etiquetes, Sigues el primer a etiquetar aquest registre!

MARC

LEADER 00000cam a2200000 a 4500
001 UCG2696
003 CL-VaPUC
005 20241119170334.0
008 100723e20090000MX |||||||||||||||||spa|d
999 |c 341826  |d 341824 
020 |a 9789701073407 
040 |c Pontificia Universidad Católica de Valparaíso 
082 0 4 |a 658.3  |b CHI  |2 21 
100 |a Chiavenato, Idalberto   |e autor  |9 88 
245 1 0 |a Gestión del talento humano 
250 |a 3a. ed 
260 |a Cuernavaca  |b McGraw-Hill  |c 2009 
300 |a 586 p 
583 |a last modification  |c 20130913 05:16:48  |k Rodrigo Vera 
650 0 |a Gestión de recursos humanos   |9 879947 
650 0 |a Selección de personal  |9 307100 
650 0 |a Cultura de la organización  |9 463742 
650 0 |a Salarios  |9 255321 
650 0 |a Formación ocupacional  |9 893898 
852 |a BIBCUR 
856 |u https://bibliografiadigital.pucv.cl/index.php/bibliotecapucv/catalog/book/4  |y Disponible Online 
942 |c BK  |2 ddc 
945 |d 20100723 00:00:00  |a dcastane 
952 |0 0  |1 0  |2 ddc  |3 erb  |4 0  |6 658_300000000000000_CHI_2009  |7 0  |8 R  |9 437603  |a BIBENE  |b BIBENE  |d 2019-11-22  |i 5005051  |l 10  |o 658.3 CHI 2009  |p 5005051  |r 2025-03-21  |s 2025-03-19  |w 2019-11-22  |y BK_R  |z Catalogado en:20130829  |k ICO 
952 |0 0  |1 0  |3 erb  |4 0  |6 658_300000000000000_CHI_2009  |7 0  |8 R  |9 437604  |a BIBENE  |b BIBENE  |d 2019-11-22  |i 500506K  |l 8  |o 658.3 CHI 2009  |p 500506K  |r 2025-04-28  |s 2025-04-28  |w 2019-11-22  |y BK_R  |z Catalogado en:20130829  |k ICO 
952 |0 0  |1 0  |3 erb  |4 0  |6 658_300000000000000_CHI_2009  |7 0  |8 R  |9 437605  |a BIBENE  |b BIBENE  |d 2019-11-22  |i 5005078  |l 1  |o 658.3 CHI 2009  |p 5005078  |r 2025-01-15  |s 2023-03-20  |w 2019-11-22  |y BK_R  |z Catalogado en:20130829  |k ICO 
952 |0 0  |1 0  |3 erb  |4 0  |6 658_300000000000000_CHI_2009  |7 0  |8 R  |9 437606  |a BIBGIM  |b BIBGIM  |i 548135K  |l 4  |o 658.3 CHI 2009  |p 548135K  |r 2025-03-07  |s 2025-01-08  |w 2019-11-22  |y BK_R  |z Catalogado en:20180720  |k COM 
952 |0 0  |1 0  |3 erb  |4 0  |6 658_300000000000000_CHI_2009  |7 0  |8 R  |9 437607  |a BIBGIM  |b BIBGIM  |i 5481341  |l 2  |o 658.3 CHI 2009  |p 5481341  |r 2025-01-15  |s 2022-05-16  |w 2019-11-22  |y BK_R  |z Catalogado en:20180720  |k COM